000 nam a22 7a 4500
999 _c8058
_d8058
008 171125b xxu||||| |||| 00| 0 eng d
100 _aGupta, Suraj B
_94507
245 _aMonetary Economics Institions, theory and policy
260 _aNew delhi
_bChand and Company
_c1982